000 00509nam a22001932 4500
001 0000001870
005 20170406113804.0
008 140204s xx 000 0 eng d
020 _c$
040 _aYour Holding Symbol
_cYour Holding Symbol
100 1 _aPhillips,Paul.
245 1 0 _aMacroeconomics and the canadian economy.
250 _a ed.
260 _aToronto :
_bD.CHeath,
_c1973.
300 _a180 p. ;
_c cm.
504 _aindex.
650 0 _aeconomics.
908 _a140204
999 _c1781
_d1781